| 000 | 01144aam a2200421a 44500 | ||
|---|---|---|---|
| 008 | 141119s2014 cat | ||
| 017 | _aB-22884-2014 | ||
| 020 | _a9788439392019 | ||
| 041 | _acat | ||
| 041 | _beng | ||
| 041 | _bspa | ||
| 110 |
_aFundació Dr. Antoni Esteve _969822 |
||
| 245 | _aDiccionari de recerca clínica de medicaments | ||
| 245 | _cFundació Dr. Antoni Esteve | ||
| 245 | _cTERMCAT, Centre de Terminologia. | ||
| 260 | _aBarcelona | ||
| 260 | _bTERMCAT, Centre de Terminologia | ||
| 260 | _c2014 | ||
| 300 | _a176 p. | ||
| 500 | _aBibliografia. Índexs | ||
| 500 | _aCategoria gramatical, arbre de camp, sinònims, remissions, àmbit d'ús, notes | ||
| 500 | _btermcat | ||
| 520 | _a893 | ||
| 546 | _acatalà | ||
| 591 | _a10464 | ||
| 592 | _aObra terminològica | ||
| 593 | _aEQ | ||
| 593 | _aETC | ||
| 594 | _a10464 | ||
| 650 |
_afarmacologia _961777 |
||
| 650 |
_arecerca clínica _967320 |
||
| 710 |
_aTERMCAT _960609 |
||
| 901 | _c<2014> | ||
| 902 | _a141119 | ||
| 942 |
_cMO _n0 |
||
| 999 |
_c66374 _d66374 |
||